书目信息 |
| 题名: |
国际汇兑实务
|
|
| 作者: | 潘海红 , 黄光明 主编 | |
| 分册: | ||
| 出版信息: | 北京 对外经济贸易大学出版社 2011.8 |
|
| 页数: | 213页 | |
| 开本: | 26cm | |
| 丛书名: | ||
| 单 册: | ||
| 中图分类: | F830.73 | |
| 科图分类: | ||
| 主题词: | 汇总结算--Hui Zong Jie Suan--国际结算--高等学校--教材 | |
| 电子资源: | ||
| ISBN: | 978-7-5663-0082-9 | |
| 000 | 00739nam0 22002411 450 | |
| 001 | 349683 | |
| 005 | 20161009105039.04 | |
| 010 | @a978-7-5663-0082-9@dCNY28.60 | |
| 100 | @a20141218d2011 ekmy0chiy0110 ea | |
| 101 | 0 | @achi |
| 102 | @aCN@b110000 | |
| 105 | @aa z 000yy | |
| 106 | @ar | |
| 200 | 1 | @a国际汇兑实务@AGuo Ji Hui Dui Shi Wu@f潘海红, 黄光明主编 |
| 210 | @a北京@c对外经济贸易大学出版社@d2011.8 | |
| 215 | @a213页 @d26cm | |
| 300 | @a十二五应用型国际商务类专业规划教材 | |
| 606 | 0 | @a汇总结算@AHui Zong Jie Suan@x国际结算@x高等学校@j教材 |
| 690 | @aF830.73@v5 | |
| 701 | 0 | @a潘海红@APan Hai Hong@4主编 |
| 701 | 0 | @a黄光明@AHuang Guang Ming@4主编 |
| 801 | 0 | @aCN@bTANGWEI@20160730 |
| 905 | @b0886240-4@dF830.73@e321@f5 | |
| 国际汇兑实务/潘海红, 黄光明主编.-北京:对外经济贸易大学出版社,2011.8 |
| 213页 ;26cm |
| 十二五应用型国际商务类专业规划教材 |
| ISBN 978-7-5663-0082-9:CNY28.60 |
| ● |
| 相关链接 |
|
|
|
|
正题名:国际汇兑实务
索取号:F830.73/321
 
预约/预借
| 序号 | 登录号 | 条形码 | 馆藏地/架位号 | 状态 | 备注 |
| 1 | 0886240 | 208862408 | 第一样本阅览室/ [索取号:F830.73/321] | 在馆 | |
| 2 | 0886241 | 208862417 | 第一借阅区/ [索取号:F830.73/321] | 在馆 | |
| 3 | 0886242 | 208862426 | 第一借阅区/ [索取号:F830.73/321] | 在馆 | |
| 4 | 0886243 | 208862435 | 第一借阅区/ [索取号:F830.73/321] | 在馆 | |
| 5 | 0886244 | 208862444 | 密集书库-海洋学院/ [索取号:F830.73/321] | 在馆 |